000 05202nam a22005417a 4500
005 20120120115556.0
010 _aB-476794-820
020 _a9789380152110
_c250.00
035 _aB-476794-820
037 _adpl
_bBlue Berry/Ven
082 _a520
100 _aSteinhorst, Stefanie
_952273
245 _aSpace /
_bby Stefanie Steinhorst, Sabine Schuck; illustrated by Sebastian Coenen
260 _aNew Delhi:
_bTessloff Sterling,
_c2011
270 _aA-59, Okhla Industrial Area, Phase-II
_bNew Delhi
_e110020
300 _a24p.
_bill (col)
_c26cm (Hb)
490 _aHow and why junior
_952274
700 _aCoenen, Sebastian
_939869
700 _aSchuck, Sabine
_939870
942 _2ddc
_cCH
_mSTE
_h520
999 _c61297
_d61297